000 00335nam a2200157Ia 4500
100 _aSnader/Jon C
650 _aComputers
942 _cBK
366 _f15
654 _aVPN
245 _aVPN s illustrated:Tunnels
260 _bPearson Education
_aMumbai
_c2006
082 _a004.67/SNA
_bSNA
300 _a461
546 _aENGLISH
999 _c31211
_d31211